| 000 | 00812nam a22002417a 4500 | ||
|---|---|---|---|
| 999 |
_c1806 _d1806 |
||
| 003 | AR-CdUCM | ||
| 008 | 190228b ||||| |||| 00| 0 spa d | ||
| 040 |
_aMUNICIPALIDAD PROVINCIAL DEL CUSCO _cBIBLIOTECA MUNICIPAL DEL CUSCO |
||
| 082 |
_a861.09 / _bD22 |
||
| 100 |
_aDamaso, Alonso _96636 |
||
| 245 |
_aPoesia EspaƱola : _bEnsayo de metodos y limites estilisticos / _cDamaso, Alonso ; |
||
| 260 |
_aMadrid : _bGredos, _c1950. |
||
| 300 |
_a672 paginas : _bHoja de laminas, _c25cm. |
||
| 500 | _a3era reimpresion | ||
| 650 |
_aRomantica _96637 |
||
| 650 |
_aHispanica _92734 |
||
| 650 |
_aEstudios y ensayos _96638 |
||
| 700 |
_aFray Luis de Leon, Garcilazo _96639 |
||
| 700 |
_aGongora, San de la Cruz _96640 |
||
| 700 |
_aLope de Vega, Quevedo _96641 |
||
| 942 |
_2ddc _cLIBROS |
||
| 945 |
_apjha _d2019-02-27 |
||